00375nam a22001337a 450000500170000000800410001704100230005808200120008110000120009324500310010526000480013630000320018465000250021620240805061318.0240805b |||||||| |||| 00| 0 eng d aEnglish/Afrikaans  a349 SOU lEnglish aSouth African Law Reports  aJohannesburg: bDigma Publications, c1923  bxviii, 467 pages; c25 cm.  aLegal practice bLaw